| 000 | 00830nam a22002297a 4500 | ||
|---|---|---|---|
| 999 |
_c19712 _d19712 |
||
| 003 | AR-CdUCM | ||
| 008 | 190520b ||||| |||| 00| 0 spa d | ||
| 040 |
_aMUNICIPALIDAD PROVINCIAL DEL CUSCO _cBIBLIOTECA MUNICIPAL DEL CUSCO |
||
| 082 |
_a323.32 / _bB39 |
||
| 100 |
_aBernales B., Enrique _941225 |
||
| 245 | _aBurguesia y estado liberal | ||
| 260 |
_aLima : _bDESCO, _c1979. |
||
| 300 |
_a372 páginas ; _c20 cm. |
||
| 505 | _aContenido: Los orígenes del estado burgues 1789-1848 -- El desarrollo del estado liberal -- La instauración del estado neoliberal en el Perú... | ||
| 650 |
_aLiberalismo _91985 |
||
| 650 |
_aRevolución de 1848 _941226 |
||
| 650 |
_aBusguesia _935336 |
||
| 700 |
_aMadalengoitia U., Laura _941227 |
||
| 700 |
_aRubio C., Marcial _941228 |
||
| 942 |
_2ddc _cLIBROS |
||
| 945 |
_adavv _d2019-05-20 |
||